Catálogo público

Reporte megasuper : (Record no. 178595)

MARC details
000 -CABECERA
campo de control de longitud fija 03971nam a2200613Ia 4500
001 - NÚMERO DE CONTROL
campo de control dia_7354
003 - IDENTIFICADOR DEL NÚMERO DE CONTROL
campo de control CHAP
005 - FECHA Y HORA DE LA ÚLTIMA TRANSACCIÓN
campo de control 20240515181505.0
007 - CAMPO FIJO DE DESCRIPCIÓN FÍSICA--INFORMACIÓN GENERAL
campo de control de longitud fija ta
008 - DATOS DE LONGITUD FIJA--INFORMACIÓN GENERAL
campo de control de longitud fija 220117s2018 mx abdefr 001 0 spa d
040 ## - FUENTE DE LA CATALOGACIÓN
Centro/agencia transcriptor CHAP
Centro catalogador/agencia de origen mxchpua
090 ## - LOCALMENTE ASIGNADO TIPO-LC NÚMERO DE CLASIFICACIÓN (OCLC); NÚMERO DE CLASIFICACIÓN LOCAL (RLIN)
Número de clasificación (OCLC) (R) ; Numero de clasificación, CALL (RLIN) (NR) T.C.779
Número cutter local (OCLC) ; Número de libro/Signatura topográfica íntegra, CALL (RLIN) S99 EIUPA
Año 2018
245 10 - MENCIÓN DE TÍTULO
Título Reporte megasuper :
Resto del título sección panadería /
Mención de responsabilidad, etc. coordinador Rosa Guadalupe Szymanski Duque ; colaboradores Elisa Arreortua Chavéz...[et al.]
260 ## - PUBLICACIÓN, DISTRIBUCIÓN, ETC.
Lugar de publicación, distribución, etc. México :
Nombre del editor, distribuidor, etc. El autor,
Fecha de publicación, distribución, etc. 2018
300 ## - DESCRIPCIÓN FÍSICA
Extensión cerca 100 hojas :
Otras características físicas ilustraciones, mapas, gráficas, diagramas, tablas, fotos, planos +
Material acompañante/anejo 1 CD-ROM
336 ## - TIPO DE CONTENIDO
Fuente rdacontent
Término de tipo de contenido texto
Código de tipo de contenido txt
337 ## - TIPO DE MEDIO
Fuente rdamedia
Nombre/término del tipo de medio no mediado
Código del tipo de medio n
338 ## - TIPO DE SOPORTE
Fuente rdacarrier
Nombre/término del tipo de soporte volumen
Código del tipo de soporte nc
500 ## - NOTA GENERAL
Nota general 7° año Grupo 2 --<br/>El CD contiene reporte y planos
502 ## - NOTA DE TESIS
Nota de tesis Viaje de Estudios
Tipo de título (EIUPA) --
Nombre de la institución que otorga el título UACh. Departamento de Ingeniería Agroindustrial,
Año de obtención del título 2018
504 ## - NOTA DE BIBLIOGRAFÍA, ETC.
Nota de bibliografía, etc. Incluye bibliografía
505 ## - NOTA DE CONTENIDO CON FORMATO
Nota de contenido con formato 6 planos --<br/>1. Plano de distribución de áreas --<br/>2. Plano de distribución de equipos --<br/>3. Propuesta de plano distribución de áreas --<br/>4. Plano de distribución de áreas La valencia --<br/>5. Propuesta de distribución de áreas, La valencia --<br/>6. Propuesta de plano de distribución de áreas en Megasuper, La valencia
650 13 - PUNTO DE ACCESO ADICIONAL DE MATERIA--TÉRMINO DE MATERIA
Término de materia o nombre geográfico como elemento de entrada Industria panadera
9 (RLIN) 162987
Subdivisión geográfica Costa Rica
650 13 - PUNTO DE ACCESO ADICIONAL DE MATERIA--TÉRMINO DE MATERIA
Término de materia o nombre geográfico como elemento de entrada Iniciativa empresarial
9 (RLIN) 161584
Subdivisión geográfica Costa Rica
650 13 - PUNTO DE ACCESO ADICIONAL DE MATERIA--TÉRMINO DE MATERIA
Término de materia o nombre geográfico como elemento de entrada Productos horneados
9 (RLIN) 149328
650 13 - PUNTO DE ACCESO ADICIONAL DE MATERIA--TÉRMINO DE MATERIA
Término de materia o nombre geográfico como elemento de entrada Baked goods
9 (RLIN) 149794
650 13 - PUNTO DE ACCESO ADICIONAL DE MATERIA--TÉRMINO DE MATERIA
Término de materia o nombre geográfico como elemento de entrada Bakery industry
9 (RLIN) 162986
Subdivisión geográfica Costa Rica
650 13 - PUNTO DE ACCESO ADICIONAL DE MATERIA--TÉRMINO DE MATERIA
Término de materia o nombre geográfico como elemento de entrada Entrepreneurship
9 (RLIN) 161583
Subdivisión geográfica Costa Rica
700 1# - PUNTO DE ACCESO ADICIONAL--NOMBRE DE PERSONA
Nombre de persona Szymanski Duque, Rosa Guadalupe
9 (RLIN) 151434
Término indicativo de función/relación coordinadora
700 1# - PUNTO DE ACCESO ADICIONAL--NOMBRE DE PERSONA
Nombre de persona Arreortua Chávez, Elisa
9 (RLIN) 162988
Término indicativo de función/relación colaboradora
856 41 - LOCALIZACIÓN Y ACCESO ELECTRÓNICOS
Identificador Uniforme del Recurso <a href="http://10.13.5.2/ve/TC779EIUPA/TC779EIUPA2018-PLANO-AREAS.pdf">http://10.13.5.2/ve/TC779EIUPA/TC779EIUPA2018-PLANO-AREAS.pdf</a>
Texto de enlace DESCARGAR PLANO DE AREAS
856 41 - LOCALIZACIÓN Y ACCESO ELECTRÓNICOS
Identificador Uniforme del Recurso <a href="http://10.13.5.2/ve/TC779EIUPA/TC779EIUPA2018-PLANO-AREA2.pdf">http://10.13.5.2/ve/TC779EIUPA/TC779EIUPA2018-PLANO-AREA2.pdf</a>
Texto de enlace DESCARGAR PLANO DE AREAS 2
856 41 - LOCALIZACIÓN Y ACCESO ELECTRÓNICOS
Identificador Uniforme del Recurso <a href="http://10.13.5.2/ve/TC779EIUPA/TC779EIUPA2018-PLANO-EQUIPOS.pdf">http://10.13.5.2/ve/TC779EIUPA/TC779EIUPA2018-PLANO-EQUIPOS.pdf</a>
Texto de enlace DESCARGAR PLANO DE EQUIPO
856 41 - LOCALIZACIÓN Y ACCESO ELECTRÓNICOS
Identificador Uniforme del Recurso <a href="http://10.13.5.2/ve/TC779EIUPA/TC779EIUPA2018-PLANO-DISTRIBUCIONDEAREASPROPUESTA.pdf">http://10.13.5.2/ve/TC779EIUPA/TC779EIUPA2018-PLANO-DISTRIBUCIONDEAREASPROPUESTA.pdf</a>
Texto de enlace DESCARGAR PLANO PROPUESTA DE DISTRIBUCION DE AREAS
856 41 - LOCALIZACIÓN Y ACCESO ELECTRÓNICOS
Identificador Uniforme del Recurso <a href="http://10.13.5.2/ve/TC779EIUPA/TC779EIUPA2018-PLANO-AREASPROPUESTAPlano6propuestadistribuciondeareaslavalencia-Modelo.pdf">http://10.13.5.2/ve/TC779EIUPA/TC779EIUPA2018-PLANO-AREASPROPUESTAPlano6propuestadistribuciondeareaslavalencia-Modelo.pdf</a>
Texto de enlace DESCARGAR PLANO PROPUESTA DE DISTRIBUCION DE AREAS VALENCIA-MODELO
856 41 - LOCALIZACIÓN Y ACCESO ELECTRÓNICOS
Identificador Uniforme del Recurso <a href="http://10.13.5.2/ve/TC779EIUPA/TC779EIUPA2018-PLANO-DIBUJODELPROCESO.pdf">http://10.13.5.2/ve/TC779EIUPA/TC779EIUPA2018-PLANO-DIBUJODELPROCESO.pdf</a>
Texto de enlace DESCARGAR DIBUJO DE PROCESO
856 41 - LOCALIZACIÓN Y ACCESO ELECTRÓNICOS
Identificador Uniforme del Recurso <a href="http://10.13.5.2/ve/TC779EIUPA/TC779EIUPA2018-PLANO-DIAGRAMADEBLOQUES.pdf">http://10.13.5.2/ve/TC779EIUPA/TC779EIUPA2018-PLANO-DIAGRAMADEBLOQUES.pdf</a>
Texto de enlace DESCARGAR DIAGRAMA DE BLOQUES CIAPATTA
856 41 - LOCALIZACIÓN Y ACCESO ELECTRÓNICOS
Identificador Uniforme del Recurso <a href="http://10.13.5.2/ve/TC779EIUPA/TC779EIUPA2018-PLANO-DIAGRAMADEBLOQUES2.pdf">http://10.13.5.2/ve/TC779EIUPA/TC779EIUPA2018-PLANO-DIAGRAMADEBLOQUES2.pdf</a>
Texto de enlace DESCARGAR DIAGRAMA DE BLOQUES BAGUETTE
856 41 - LOCALIZACIÓN Y ACCESO ELECTRÓNICOS
Identificador Uniforme del Recurso <a href="http://10.13.5.2/ve/TC779EIUPA/TC779EIUPA2018-PLANO-DIAGRAMADEBLOQUES3.pdf">http://10.13.5.2/ve/TC779EIUPA/TC779EIUPA2018-PLANO-DIAGRAMADEBLOQUES3.pdf</a>
Texto de enlace DESCARGAR DIAGRAMA DE BLOQUES QUEQUE
856 41 - LOCALIZACIÓN Y ACCESO ELECTRÓNICOS
Identificador Uniforme del Recurso <a href="http://10.13.5.2/ve/TC779EIUPA/TC779EIUPA2018-PLANO-DIAGRAMADEFLUJOPAN.pdf">http://10.13.5.2/ve/TC779EIUPA/TC779EIUPA2018-PLANO-DIAGRAMADEFLUJOPAN.pdf</a>
Texto de enlace DESCARGAR DIAGRAMA FLUJO DE PAN
856 41 - LOCALIZACIÓN Y ACCESO ELECTRÓNICOS
Identificador Uniforme del Recurso <a href="http://10.13.5.2/ve/TC779EIUPA/TC779EIUPA2018-PLANO-ANALISISDEPELIGROSPAN.pdf">http://10.13.5.2/ve/TC779EIUPA/TC779EIUPA2018-PLANO-ANALISISDEPELIGROSPAN.pdf</a>
Texto de enlace DESCARGAR ANALISIS DE PELIGROS PAN
856 41 - LOCALIZACIÓN Y ACCESO ELECTRÓNICOS
Identificador Uniforme del Recurso <a href="http://10.13.5.2/ve/TC779EIUPA/TC779EIUPA2018-PLANO-DIBUJODEPROCESOQUEQUE.pdf">http://10.13.5.2/ve/TC779EIUPA/TC779EIUPA2018-PLANO-DIBUJODEPROCESOQUEQUE.pdf</a>
Texto de enlace DESCARGAR DIBUJO DE PROCESO QUEQUE
856 41 - LOCALIZACIÓN Y ACCESO ELECTRÓNICOS
Identificador Uniforme del Recurso <a href="http://10.13.5.2/ve/TC779EIUPA/TC779EIUPA2018-PLANO-DIBUJODEPROCESOBAGUETTE.pdf">http://10.13.5.2/ve/TC779EIUPA/TC779EIUPA2018-PLANO-DIBUJODEPROCESOBAGUETTE.pdf</a>
Texto de enlace DESCARGAR DIBUJO PROCESO BAGUETTE
856 41 - LOCALIZACIÓN Y ACCESO ELECTRÓNICOS
Identificador Uniforme del Recurso <a href="http://10.13.5.2/ve/TC779EIUPA/TC779EIUPA2018-PLANO-DIAGRAMADEFLUJOPANDULCE.pdf">http://10.13.5.2/ve/TC779EIUPA/TC779EIUPA2018-PLANO-DIAGRAMADEFLUJOPANDULCE.pdf</a>
Texto de enlace DESCARGAR DIAGRAMA DE FLUJO PAN DULCE
856 41 - LOCALIZACIÓN Y ACCESO ELECTRÓNICOS
Identificador Uniforme del Recurso <a href="http://10.13.5.2/ve/TC779EIUPA/TC779EIUPA2018-PLANO-DIAGRAMADEFLUJOPANBAGUETTE.pdf">http://10.13.5.2/ve/TC779EIUPA/TC779EIUPA2018-PLANO-DIAGRAMADEFLUJOPANBAGUETTE.pdf</a>
Texto de enlace DESCARGAR DIAGRAMA DE FLUJO BAGUETTE
856 41 - LOCALIZACIÓN Y ACCESO ELECTRÓNICOS
Identificador Uniforme del Recurso <a href="http://10.13.5.2/ve/TC779EIUPA/TC779EIUPA2018-REPORTE.pdf">http://10.13.5.2/ve/TC779EIUPA/TC779EIUPA2018-REPORTE.pdf</a>
Texto de enlace DESCARGAR REPORTE
942 ## - ELEMENTOS DE PUNTO DE ACCESO ADICIONAL (KOHA)
Fuente del sistema de clasificación o colocación Clasificación Universidad Autónoma de Chapingo
901 ## - ELEMENTOS DE DATOS A LOCAL LDA (RLIN)
a T.C.779 S99 EIUPA 2018
902 ## - ELEMENTOS DE DATOS B LOCAL, LDB (RLIN)
a M
905 ## - ELEMENTOS DE DATOS E LOCAL, LDE (RLIN)
a 5232272018 MX NMEL8223123322SPA16
942 ## - ELEMENTOS DE PUNTO DE ACCESO ADICIONAL (KOHA)
Tipo de ítem Koha Viaje de Estudios
Holdings
Estado de retiro Estado de pérdida Fuente del sistema de clasificación o colocación Estado dañado Restricciones de uso No para préstamo Código de colección Localización permanente Ubicación/localización actual Fecha de adquisición Fuente de adquisición Total de préstamos Signatura topográfica completa Código de barras Fecha visto por última vez Número de copia Precio válido a partir de Tipo de ítem Koha Fecha del último préstamo Ubicación en estantería
    Clasificación Universidad Autónoma de Chapingo   Préstamo interno   Viajes de Estudio Ingenieria Agroindustrial Ingenieria Agroindustrial 18/01/2022 El autor   T.C.779 S99 EIUPA 2018 1106011980 18/01/2022 Ej. 2 18/01/2022 CD    
    Clasificación Universidad Autónoma de Chapingo   Préstamo interno   Viajes de Estudio Ingenieria Agroindustrial Ingenieria Agroindustrial 18/01/2022 El autor 1 T.C.779 S99 EIUPA 2018 1106011979 26/01/2026 Ej. 1 18/01/2022 Viaje de Estudios 25/08/2022  
    Clasificación Universidad Autónoma de Chapingo       Viajes de estudio - En línea Ingenieria Agroindustrial Ingenieria Agroindustrial 15/05/2024 El autor   T.C.779 S99 EIUPA 2018 1206011979 15/05/2024   15/05/2024 Viajes de Estudio - En línea   En línea